|
|
|
|
| LEADER |
00616nam a22001931a 4500 |
| 020 |
|
|
|c 0.00
|
| 040 |
|
|
|a SSUS - Library - Kalady
|
| 082 |
|
|
|a H100 7
|b MAH/S
|
| 100 |
|
|
|a Maheswar Prasad Singh
|
| 245 |
|
|
|a Sant kabir ke ram
|h [Text]
|
| 260 |
|
|
|a Patna
|b Bihar Hindi Grandh Akademi
|c 1999
|
| 300 |
|
|
|a 100p.
|
| 600 |
|
|
|a Literature Hindi
|
| 600 |
|
|
|a Literature
|
| 600 |
|
|
|a Poetry Hindi Study
|
| 852 |
|
|
|h H100 7
|i MAH/S
|p 047411
|9 51.00
|t 0
|
| 942 |
|
|
|c BK
|
| 999 |
|
|
|c 40554
|d 40554
|
| 952 |
|
|
|0 0
|1 0
|4 0
|6 H_100_700000000000000_MAH_S
|7 0
|9 58846
|a SSUS
|b SSUS
|d 2015-01-08
|g 51.00
|o H100 7 MAH/S
|p 047411
|r 2015-01-08
|v 0.00
|w 2015-01-08
|y BK
|